01647cam a22003135a 45000010009000000050017000090080041000260200015000670200018000820400048001000820020001481000024001682450120001922500016003122600054003283000046003825000026004285040051004545050536005056500028010416500037010696500034011066510010011406530023011507000025011739420008011989990017012069520110012231371167220201128024205.0040907r20082002enka frb 001 0 eng d a0750655542 a9780750655545 aUKMcUKMdC#PdDAYdEZUdDLCdEG-ScBUEbeng04222a620.11bASH1 aAshby, M. F.91115110aMaterials and design :bthe art and science of material selection in product design /cMike Ashby and Kara Johnson. aReprint ed. aOxford ;aBoston :bButterworth-Heinemann,c2008. avii, 336 p. :bill. (some col.) ;c25 cm. aReprinted of 2002 ed. aIncludes bibliographical references and index.0 aFunction and personality -- What influences product design? -- Design and designing -- The stuff... multidimensional materials -- Other stuff... shaping, joining, and surfaces -- Form follows material -- A structure for material selection -- Case studies in materials and design -- New Materials: the potential for innovation -- Conclusions -- A PRACTICAL REFERENCE FOR INSPIRATION: Material profiles -- Shaping profiles -- Joining profiles -- Surface profiles -- APPENDICES: Exercises for the eye and mind -- Select material maps. 7aMaterials.2BUEsh91256 7aIndustrial design.2BUEsh911153 7aProduct design.2BUEsh939073 2BUEsh bGGENcNovember20171 aJohnson, Kara911154 2ddc c25628d25600 00102ddc4070aMAINbMAINc1STd2017-11-20ePurchasel0o620.11 ASHp000019184r2025-07-15 00:00:00yBB